| 000 | 01196nam a2200313 i 4500 | ||
|---|---|---|---|
| 001 | 192194 | ||
| 003 | SpMaBN | ||
| 005 | 20240128062954.0 | ||
| 008 | 221113s2021 sp a | |||| 000 0 spa | ||
| 017 |
_aM 4212-2021 _bOficina Depósito Legal Madrid |
||
| 020 | _a9788409277667 | ||
| 040 |
_aSpMaBN _bspa _cSpMaBN _erda |
||
| 080 | _a792.028:159.9 | ||
| 080 | _a159.942.5 | ||
| 100 | 1 |
_aRico Cabrera, Carmen _9175824 |
|
| 245 | 1 | 4 |
_aLos 100 miedos del actor-iz : _blos 100 territorios del actor-iz a conquistar / _cby Carmen Rico & Sucursales Emocionales. |
| 264 |
_aMadrid : _bFundación AISGE, _c[2021] |
||
| 300 |
_a318 páginas : _bilustraciones (blanco y negro) ; _c20 cm. |
||
| 490 | 1 |
_aFundamentos de actuación ; _v1 |
|
| 500 | _aÍndice | ||
| 650 | 7 |
_aArte dramático- _xAspectos psicológicos. _9175825 |
|
| 650 | 0 | 7 |
_aMiedo. _915034 |
| 830 | 0 |
_aFundamentos de actuación ; _v1 _9226113 |
|
| 852 | 4 |
_aES-MaACL _jN-8140 _bR. 153269 _cDEPOJ _gDedicatoria autógrafa de la autora _hDonación: Carmen Rico Cabrera _9199476 |
|
| 903 |
_aRico Cabrera, Carmen _ednr _9175824 |
||
| 942 |
_cMONOGRAFIA _n0 |
||
| 999 |
_c192194 _d192194 |
||